Logo BPK

Biblioteka

Politechniki Koszalińskiej

Ochrona zabytków w okresie gospodarki rynkowej na przykładzie modernizacji Wielkiego Młyna w Gdańsku / (Rekord nr 40661)

Szczegóły MARC
000 -ETYKIETA REKORDU
podpole kontrolne o stałej długości 00775nam a2200229 i 4500
001 - NUMER KONTROLNY REKORDU
pole kontrolne bg
020 ## - MIĘDZYNARODOWY ZNORMALIZOWANY NUMER KSIĄŻKI - ISBN
ISBN 8388007823
040 ## - ŹRÓDŁO KATALOGOWANIA
Instytucja, która utworzyła rekord BPK
041 0# - KOD JĘZYKA
Kod języka tekstu pl
Kod języka streszczenia lub abstraktu en
080 ## - UNIWERSALNA KLASYFIKACJA DZIESIĘTNA - UKD
UKD 72.025(438)
920 ## - Międzynarodowy znormalizowany numer książki – ISBN
ISBN 83-88007-82-3
008 - POLE O STAŁEJ DŁUGOŚCI - DANE KONTROLNE
podpole kontrolne o stałej długości s pl f |000 0 pol
100 1# - NAZWA OSOBOWA
Nazwa osobowa RATAJCZYK-PIĄTKOWSKA, Elżbieta
245 10 - TYTUŁ/ODPOWIEDZIALNOŚĆ
Tytuł Ochrona zabytków w okresie gospodarki rynkowej na przykładzie modernizacji Wielkiego Młyna w Gdańsku /
Pozostałe elementy strefy tytułu i oznaczenia odpowiedzialności Elżbieta Ratajczyk-Piątkowska.
260 ## - STREFA ADRESU WYDAWNICZEGO
Miejsce wydania Gdańsk :
Nazwa wydawcy/dystrybutora Wydaw. Politechniki Gdańskiej,
Data publikacji, dystrybucji/powstania dokumentu 2001.
300 ## - STREFA OPISU FIZYCZNEGO
Objętość 140 s. :
Inne cechy fizyczne il. ;
Rozmiary 29 cm.
500 ## - UWAGI OGÓLNE
Tekst uwagi Streszcz ang.
504 ## - UWAGA DOTYCZĄCA BIBLIOGRAFII
Informacje o bibliografii Bibliogr.
650 #9 - HASŁO PRZEDMIOTOWE W FORMIE NAZWY OGÓLNEJ LUB JEDNOSTKOWEJ
Nazwa ogólna lub geograficzna Architektura polska
Określnik ogólny zabytki
-- Wielki Młyn
-- ochrona i konserwacja
651 #9 - HASŁO PRZEDMIOTOWE W FORMIE NAZWY GEOGRAFICZNEJ
Nazwa geograficzna Gdańsk
Określnik ogólny budownictwo
-- zabytki
-- ochrona
856 ## - LOKALIZACJA I DOSTĘP DO ELEKTRONICZNYCH DOKUMENTÓW ZDALNYCH
Link (URL) http://koha.tu.koszalin.pl/cgi-bin/koha/opac-detail.pl?biblionumber=40661
Tekst linku Katalog online BPK
942 ## - DODATKOWE ELEMENTY (KOHA)
Typ dokumentu Książka
Egzemplarze
Wycofany Status egzemplarza Uszkodzony Dostępność Lokalizacja stała Lokalizacja bieżąca Miejsce przechowywania Sygnatura Kod kreskowy Typ dokumentu
      Dostępny Biblioteka Politechniki Koszalińskiej Biblioteka Politechniki Koszalińskiej Wypożyczalnia BG 62125 01645910 Książka
© 2023 Biblioteka Politechniki Koszalińskiej :: KOHA